000
00346nam a2200145Ia 4500
100
_a
Kapoor/V.K
250
_a
2
942
_c
BK
654
_a
Operation research 2nd ed
245
_a
Problems & Solution in Operations Research 2nd ed
260
_b
Sultans Chand & Sons
_c
1993
082
_a
658.4034
_b
KAP
546
_a
ENGLISH
999
_c
29568
_d
29568